[Event "Washington Class Championships"]
[Site "SeaTac City, WA"]
[Date "2011.11.27"]
[Round "6"]
[White "Gulamali Faris  (WA)"]
[Black "Whitmer Charles  (WA)"]
[Result "0-1"]
[WhiteElo "1701"]
[BlackElo "1720"]
[Annotator ""]
[Source ""]
[Remark "B"]

1.d4 Nf6 2.c4 g6 3.Nf3 Bg7 4.g3 d5 5.Nc3 c6 6.cxd5 Nxd5 7.Bg2
O-O 8.O-O Bg4 9.Nxd5 Qxd5  10.Ne5 Qe6 11.Nf3 Rd8 12.e3
Qd7 13.Qb3 Bxf3 14.Bxf3 Qc8 15.Bd2 Na6 16.Bc3 Nc7 17.Ba5 e6 18.Rac1
Rd7 19.Rfd1 Rb8 20.Bb4 Nd5 21.e4 Nxb4 22.Qxb4 Qd8 23.Rc4 f5 24.exf5
exf5 25.Qb3 Kh8 26.Qe3 Qe8 27.Qf4 Rbd8 28.b3 Qe7 29.h3 Bf6 30.h4
Rd6 31.h5 Bg5 32.Qe5+ Qxe5 33.dxe5 Rxd1+ 34.Bxd1 Rxd1+ 35.Kg2
Be7 36.hxg6 hxg6 37.Ra4 a6 38.Kf3 g5 39.Ke2 Rd5 40.f4 gxf4 41.gxf4
a5 42.Rc4 Bb4 43.Rc2 Rc5 44.Rb2 Rd5 45.Ke3 Bc5+ 46.Ke2 Rd4 47.Rc2
Bf8 48.Ke3 Re4+ 49.Kf3 Bh6 50.Rh2 Rxf4+ 51.Kg3 Rg4+ 52.Kf3 Kg7
53.e6 Bg5 54.Re2 Re4 55.Rg2 Kf6 0-1

[Event "Washington Class Championships"]
[Site "SeaTac City, WA"]
[Date "2011.11.27"]
[Round "6"]
[White "Li Jiangyu  (WA)"]
[Black "La Madrid Ramone  (WA)"]
[Result "1-0"]
[WhiteElo "1201"]
[BlackElo "1332"]
[Annotator ""]
[Source ""]
[Remark "D"]

1.e4 e5 2.Nf3 Nc6 3.Bc4 Nf6 4.Nc3 Bb4 5.d3 d5 6.exd5 Nxd5 7.Bd2
Bxc3 8.bxc3 O-O 9.Ng5 h6 10.Qf3 ( 10.Qf3 Nf4 11.Ne4 Ne6 12.g4
Qh4 13.Qg3 Qxg3 14.hxg3 Na5 15.Bd5 c6 16.Bxe6 Bxe6 17.c4 b6 18.Bxa5
bxa5 19.f3 f5 20.Nc5 Rae8 21.gxf5 Rxf5 22.Ke2 Bc8 23.Rab1 Ref8
24.Rb8 Kh7 25.g4 Rf4 26.Rg1 g5 27.Ra8 Bxg4 28.Rxa7+ {1-0, Ljubisavljevic Zivojin Z (SCG) 2310 - Finger Rene (SUI) 2107, Biel (Switzerland) 1979.07}
) Nf6 11.Ne4 Bg4 {?} 12.Nxf6+ Qxf6 13.Qxg4 Ne7 14.O-O c6 15.Rae1
b5 16.Bb3 a5 17.a3 Rfd8 18.Re3 g6 19.Rf3 Nf5 20.Bxh6 Nxh6 21.Rxf6
Nxg4 22.Rxf7 ( 22.Rxg6+ ) Kh8 23.Re1 Rf8 24.h3 Rxf7 25.Bxf7 Nxf2
26.Rxe5 Rf8 27.Re8 Rxe8 28.Bxe8 Nd1 29.Bxc6 Nxc3 30.Kf2 a4 31.Ke1
b4 32.Kd2 Nb1+ 33.Kc1 Nxa3 34.Bxa4 Kg7 35.Kb2 Kf6 36.Kb3 Nb1
37.Kxb4 Nd2 38.c4 Ke6 39.c5 Kd5 40.c6 Kd6 41.Kb5 Kc7 42.Kc5 Nb1
43.d4 Nc3 44.Bb5 Ne4+ 45.Kb4 Kb6 46.Bd3 Nf6 47.Bxg6 Kxc6 48.Kc4
Nd5 49.Be4 1-0

[Event "Washington Class Championships"]
[Site "SeaTac City, WA"]
[Date "2011.11.27"]
[Round "6"]
[White "Bragg David  (WA)"]
[Black "Perez Ignacio  (WA)"]
[Result "0-1"]
[WhiteElo "2200"]
[BlackElo "2273"]
[Annotator ""]
[Source ""]
[Remark "Master"]

1.d4 Nf6 2.Nc3 g6 3.e4 d6 4.Be2 Bg7 5.Be3 O-O 6.f4 c5 7.e5 Nfd7
8.exd6 exd6 9.d5  Re8 10.Qd2 b5 11.Nxb5 Nf6 12.O-O-O Ne4
13.Qd3 Na6 14.Bf3 Nb4 15.Qa3 Rb8 16.c4 a6 17.Na7 Bf5 18.g4 Nc3
19.gxf5 Rxe3 20.bxc3 Rxc3+ 21.Qxc3 Bxc3 22.Ne2 Nxa2+ 23.Kc2 Rb2+
24.Kd3 Qf6 25.Nc6 Nb4+ 26.Ke3 Nc2+ 27.Kd3 Bd4 28.Ncxd4 Nxd4 0-1

[Event "Washington Class Championships"]
[Site "SeaTac City, WA"]
[Date "2011.11.27"]
[Round "6"]
[White "He Daniel  (WA)"]
[Black "Hosford Michael (WA)"]
[Result "1-0"]
[WhiteElo "1950"]
[BlackElo "1840"]
[Annotator ""]
[Source ""]
[Remark "A"]

1.e4 Nc6 2.Nf3 d6 3.d4 Nf6 4.d5 Ne5 5.Nbd2 Nxf3+ ( 5...Nxf3+
6.Qxf3 g6 7.Bb5+ Bd7 8.Bxd7+ Qxd7 9.O-O Bg7 10.Rb1 O-O 11.b3
Nh5 12.c4 e5 13.Re1 Rae8 14.Ba3 Bh6 15.Nf1 f5 16.c5 Nf6 17.Qh3
Bg7 18.cxd6 cxd6 19.f3 Qb5 20.exf5 Qa6 21.Bb2 Nxd5 22.fxg6 hxg6
23.a4 Qb6+ 24.Kh1 Nf4 25.Qg4 Ne6 26.Qxg6 Nf4 27.Qg4 Re6 28.Ne3
Rg6 29.Qd7 Nd3 30.Re2 Qxb3 31.Qb5 Qxb5 32.axb5 Nxb2 33.Rexb2
e4 34.Rc2 exf3 35.gxf3 Rxf3 36.Nd5 Rg5 37.Ne7+ Kh7 38.Nc8 d5
39.Nxa7 d4 40.Nc8 d3 41.Rg2 Rd5 42.Nb6 Rd4 43.Rd1 Rf5 44.Na8
Rxb5 45.Nc7 Re5 46.Rgd2 Rd7 47.Na8 Re3 48.Nb6 Rd4 49.Kg1 Re6
50.Nc8 Rd8 51.Rxd3 Rxc8 52.Rh3+ Rh6 53.Rxh6+ Kxh6 54.Rd6+ Kh7
55.Kf1 Rc2 56.h4 b5 57.Rb6 Rb2 58.Ke1 b4 59.Kd1 Bc3 60.h5 Rh2
{1-0, Mestrovic Zvonimir (SLO) 2466 - Subasic Ilijas (BIH) 2275, Bihac (Bosnia & Herzegovina) 1999}
) 6.Qxf3 g6 7.Bb5+ Nd7  8.Qc3 f6 9.Nf3 a6 10.Nd4 axb5
11.Ne6 Nc5 12.Nxd8 Kxd8 13.f3 b4 14.Qxb4 Ra4 15.Qc3 b5 16.b3
b4 17.Qd2 Ra6 18.Qxb4 Rb6 19.Qd2 Ba6 20.c4 h5 21.Qc2 Bc8 22.Be3
Bg7 23.Rb1 Ra6 24.O-O Nd7 25.a4 Ne5 26.b4 f5 27.h3 fxe4 28.fxe4
Bf6 29.c5 Bd7 30.b5 Ra8 31.cxd6 cxd6 32.a5 Rxa5 33.Bb6+ 1-0

[Event "Washington Class Championships"]
[Site "SeaTac City, WA"]
[Date "2011.11.27"]
[Round "6"]
[White "Hendricks David  (WA)"]
[Black "Soetedjo James  (WA)"]
[Result "0-1"]
[WhiteElo "1615"]
[BlackElo "1618"]
[Annotator ""]
[Source ""]
[Remark "B"]

1.d4 Nf6 2.Bf4 d5 3.e3 e6 4.Nf3 Bd6 5.Bg3 O-O 6.Bd3 b6 7.Nbd2
Bb7 8.Ne5 Nbd7 9.O-O  Ne4 10.f3 Nxg3 11.hxg3 Nxe5 12.dxe5
Bxe5 13.Kf2 Bxb2 14.Rb1 Bc3 15.Rh1 h6 16.f4 Bxd2 17.Qxd2 c5 18.c3
Qe7 19.Qe2 c4 20.Bc2 Qf6 21.g4 g5 22.Rh3 Kg7 23.Rbh1 Rh8 24.Qd2
e5 25.Kg3 exf4+ 26.exf4 gxf4+ 27.Kf2 Rae8 28.Rf3 Re3 29.Qd4 Qxd4
30.cxd4 Rhe8 31.Rxe3 Rxe3 ( 31...fxe3+ ) 32.Rh5 Ra3 33.Bb1 Rg3
34.Re5 Re3 35.Rf5 Re7 36.Rxf4 Rc7 37.Ke3 b5 38.a3 a5 39.Kd2 b4
40.axb4 axb4 41.Rf5 Re7 42.Rf2 c3+ 43.Kd1 b3 44.Bd3 c2+ 45.Bxc2
bxc2+ 46.Kxc2 Re4 47.Kc3 Rxg4 48.Kd3 Rg3+ 49.Kd2 Ba6 50.Kc2 Rd3
51.Rf4 Bc4 52.Kb2 Rd2+ 53.Kc3 Rxg2 54.Rf3 h5 0-1

[Event "Washington Class Championships"]
[Site "SeaTac City, WA"]
[Date "2011.11.27"]
[Round "6"]
[White "Sarathy Manoj  (WA)"]
[Black "Haining Breck  (WA)"]
[Result "0-1"]
[WhiteElo "1071"]
[BlackElo "1114"]
[Annotator ""]
[Source ""]
[Remark "E"]

1.e4 g6 2.d4 Bg7 3.f4 e6 4.Nc3 Ne7 5.Nf3 O-O 6.g3 d6 7.Bg2
( 7.Bg2 d5 8.O-O Nbc6 9.e5 Nf5 10.g4 Nh4 11.Nxh4 Qxh4 12.Be3
Qd8 13.f5 exf5 14.gxf5 Bxf5 15.Nxd5 Na5 16.Rxf5 gxf5 17.Qh5 Nc4
18.c3 Nxe3 19.Nxe3 h6 20.h4 c5 21.Nxf5 cxd4 22.Qg4 Qg5 23.hxg5
h5 24.Ne7+ {1-0, Korchagina Viktoria (RUS) 1992 - Zvereva Svetlana, St. Petersburg (Russia) 2004}
) c5 8.O-O Nbc6 9.e5 a6 10.Be3 Nf5 11.Bf2 cxd4 12.Nxd4 Nfxd4
13.Bxd4 dxe5 14.Bxe5 Nxe5 15.fxe5 Bxe5 16.Qe2 Qd4+ 17.Kh1 Rb8
18.Rad1 Qc5 19.Na4 Qc7 20.Rfe1 Bg7 21.Qf2 Bd7 22.Nc5 Rfd8 23.Rf1
Bc6 24.Bxc6 Qxc6+ 25.Kg1 Qc7 26.Rxd8+ Rxd8 27.Nd3 {??} Bd4 28.a3
Bxf2+ 29.Rxf2 Rd5 30.Nb4 Rd1+ 31.Kg2 Qd7 32.Nd3 Qd5+ 33.Kh3 e5
34.Rg2 e4 35.Nf4 Qf5+ 36.Kh4 g5+ 37.Kh5 gxf4+ 38.Kh4 f3 39.g4
fxg2 40.gxf5 g1Q 41.Kh5 Qxh2+ 42.Kg5 Rf1 43.Kg4 Qg2+
( 43...Rg1# ) 44.Kh4 Rh1# 0-1

[Event "Washington Class Championships"]
[Site "SeaTac City, WA"]
[Date "2011.11.27"]
[Round "6"]
[White "Sinanan Joshua  (WA)"]
[Black "Raptis Nick  (OR)"]
[Result "1-0"]
[WhiteElo "2288"]
[BlackElo "2200"]
[Annotator ""]
[Source ""]
[Remark "Master"]

1.d4 Nf6 2.c4 g6 3.g3 Bg7 4.Bg2 O-O 5.Nc3 d6 6.Nf3 Nc6 7.O-O
a6 8.Qd3 Rb8 9.Rd1  Bd7 10.d5 Na7 11.a4 c5 12.e4 Qc7 13.Bf4
h6 14.h3 g5 15.Bd2 b5 16.axb5 axb5 17.b3 b4 18.Ne2 Nc8 19.Ra2
e5 20.dxe6 Bxe6 21.Bc1 Rb6 22.Bb2 Ne7 23.Rda1 Nc6 24.Kh2 g4 25.Nh4
gxh3 26.Bxh3 Ng4+ 27.Bxg4 Bxg4 28.Bxg7 Kxg7 29.Nf4 Ne7
( 29...Ne5 ) 30.Ra7 Rb7 31.Rxb7 Qxb7 32.f3 Bd7 33.Nh5+ Kh8 34.Qxd6
Be6 35.Qe5+ 1-0

[Event "Washington Class Championships"]
[Site "SeaTac City, WA"]
[Date "2011.11.27"]
[Round "6"]
[White "Wang Michael  (WA)"]
[Black "Kalina Chris  (MN)"]
[Result "1/2-1/2"]
[WhiteElo "2128"]
[BlackElo "2131"]
[Annotator ""]
[Source ""]
[Remark "Master"]

1.c4 c5 2.g3 Nf6 3.Bg2 d5 4.cxd5 Nxd5 5.Nc3 Nc7 6.Nf3 Nc6 7.O-O
e5 8.d3 Be7 9.Nd2 O-O 10.Bxc6 bxc6 11.Nc4 f6 12.Qa4 Bh3 13.Re1
Qd7 14.Ne4  Rfb8 15.Be3 Ne6 16.Rac1 Rb4 17.Qd1 f5 18.Nc3
Bf6 19.b3 Rd8 1/2-1/2

[Event "Washington Class Championships"]
[Site "SeaTac City, WA"]
[Date "2011.11.26"]
[Round "6"]
[White "Feng Roland  (WA)"]
[Black "Sohal Tanraj  (CAN)"]
[Result "1-0"]
[WhiteElo "2113"]
[BlackElo "2059"]
[Annotator ""]
[Source ""]
[Remark "Master"]

1.d4 c5 2.d5 e5 3.e4 d6 4.Bb5+ Nd7 5.a4 g6 6.Be3  a6 7.Bd3
Bg7 8.Qd2 Ne7 9.Na3 f5 10.f3 O-O 11.Ne2 Nf6 12.h3 b5 13.c3 f4
14.Bf2 Bd7 15.axb5 axb5 16.O-O c4 17.Bc2 g5 18.b3 cxb3 19.Bxb3
h5 20.Kh1 g4 21.Rfc1 Nh7 22.c4 bxc4 23.Nxc4 Rxa1 24.Rxa1 Nc8
25.Qb4 g3 26.Be1 Qh4 27.Ng1 Ng5 28.Ra2 Nf7 29.Ba4 Bxa4 30.Rxa4
Qe7 31.Ra6 Re8 32.Qb5 Bf8 33.Bb4 Rd8 34.Na5 Na7 35.Qb6 Nc8 36.Qb8
Qd7 37.Nc6 Re8 38.Ra8 Be7 39.Na7 Nxa7 40.Qxe8+ Qxe8 41.Rxe8+
Bf8 42.Ne2 Nb5 43.Nc3 Nxc3 44.Bxc3 Ng5 45.Bb4 Nf7 46.Kg1 Kg7
47.Kf1 Kg8 48.Ke2 Kg7 49.h4 Kg8 50.Ba5 Nh8 51.Re6 Nf7 52.Bc7
Kg7 53.Kd3 Kg8 54.Kc4 Kg7 55.Kb5 Nh6 56.Bxd6 Bxd6 57.Rxd6 Ng4
58.fxg4 f3 59.Ra6 1-0

[Event "Washington Class Championships"]
[Site "SeaTac City, WA"]
[Date "2011.11.27"]
[Round "5"]
[White "Lee Nathan  (WA)"]
[Black "Bragg David  (WA)"]
[Result "1-0"]
[WhiteElo "2103"]
[BlackElo "2200"]
[Annotator ""]
[Source ""]
[Remark "Master"]

1.e4 c6 2.d4 d6 3.Nc3 g6 4.Be3 Bg7 5.Nge2 b5 6.a3 Bb7 7.g3 Nd7
8.Bg2 a5 9.O-O b4 10.Na2 bxa3 11.bxa3 Nb6 12.f4 Nc4 13.Bf2 Nxa3
14.Qd3 Nb5 15.c4 Nc7 16.Qc2 Nh6 17.e5 Ng4 18.Rab1 Qc8 19.exd6
Ne6 20.Qa4 Nxf2 21.Rxb7 O-O 22.dxe7 Re8 23.Bxc6 Bxd4 24.Nxd4
Nxd4 25.Bxe8 Nh3+ 26.Kg2 Qxb7+ 27.Kxh3 Qxe7 28.Qd7 Rxe8 29.Qxd4
Rd8 30.Qe5 Qxe5 31.fxe5 Rd2 32.Nc3 Rd3 33.Rc1 Re3 34.c5 Rxe5
35.c6 Rc5 36.Ne2 1-0

[Event "Washington Class Championships"]
[Site "SeaTac City, WA"]
[Date "2011.11.27"]
[Round "5"]
[White "Sohal Tanraj  (CAN)"]
[Black "Sinanan Joshua  (WA)"]
[Result "1/2-1/2"]
[WhiteElo "2059"]
[BlackElo "2288"]
[Annotator ""]
[Source ""]
[Remark "Master"]

1.d4 Nf6 2.c4 e6 3.Nf3 b6 4.g3 Ba6 5.Qc2 Bb7 6.Bg2 Bb4+ 7.Bd2
a5 8.Bxb4 ( 8.a3 Bxd2+ 9.Nbxd2 d5 10.Ne5 O-O 11.O-O Nbd7 12.Nxd7
Qxd7 13.Rfd1 Rac8 14.c5 Qb5 15.Rac1 bxc5 16.Qxc5 Qxe2 17.Bf1
Qh5 18.Qxa5 e5 19.Qa7 Ba8 20.dxe5 Ng4 21.h3 Nxe5 22.Bg2 Nd3 23.Rb1
c5 24.b3 Qe2 25.Nf1 Qxf2+ 26.Kh2 Ne5 27.Kh1 d4 28.Bxa8 Rxa8 29.Rd2
Qf3+ {0-1, Dos Reis Leandro Aparecido C - Zampronha Wladimir Camilo (BRA) 2179, Sao Paulo (Brazil) 2006.10.13}
) axb4 9.Nbd2 d6 10.O-O Nbd7 11.e4 e5 12.d5 Nc5 13.Ne1 O-O 14.Nd3
Nxd3 15.Qxd3 Ra4 16.b3 Ra6 17.Nb1 Qa8 18.Qd2 Nd7 19.Qxb4 Rxa2
20.Na3 Rxa1 21.Rxa1 Qa7 22.Nc2 Qb8 23.Qb5 Rd8 24.b4 Kf8 25.Qa4
Ke7 26.Ne3 g6 27.Bh3 Nf6 28.f3 Bc8 29.Bf1 Bd7 30.Qc2 c5 31.dxc6
Bxc6 32.Qa2 Qb7 33.b5 1/2-1/2

[Event "Washington Class Championships"]
[Site "SeaTac City, WA"]
[Date "2011.11.26"]
[Round "3"]
[White "Raptis Nick  (OR)"]
[Black "Kalina Chris  (MN)"]
[Result "1-0"]
[WhiteElo "2200"]
[BlackElo "2131"]
[Annotator ""]
[Source ""]
[Remark "Master"]

1.Nf3 d5 2.g3 Nf6 3.Bg2 e6 4.O-O Be7 5.c4 c6 6.d4 O-O 7.Nc3 b6
8.Ne5 Bb7 9.e4 Nbd7 10.Nxc6 Bxc6 11.exd5 exd5 12.cxd5 {My database 
has 16 games that reached this position. 15 continued Bb7, with
only a 17% success rate. The other one went Nxd5, and ended in a draw.} 1-0

[Event "Washington Class Championships"]
[Site "SeaTac City, WA"]
[Date "2011.11.26"]
[Round "3"]
[White "Lee Nathan  (WA)"]
[Black "Feng Roland  (WA)"]
[Result "1-0"]
[WhiteElo "2103"]
[BlackElo "2113"]
[Annotator ""]
[Source ""]
[Remark "Master"]

1.e4 c5 2.Nf3 e6 3.d3 Nc6 4.g3 d6 5.Bg2 g6 6.O-O Bg7 7.Nbd2 Nge7
8.c3 O-O 9.Nh4 b5 10.a3  a5 11.f4 Qc7 12.Ndf3 f5 13.exf5
exf5 14.Qb3+ c4 15.dxc4 Be6 16.Qxb5 Rfb8 17.Qa4 Qa7+ 18.Kh1 Qc5
19.Re1 Bxc4 20.Be3 Bb3 21.Bxc5 dxc5 22.Qxc6 Nxc6 23.Nd2 Ba4 24.b3
Bxc3 25.bxa4 Ra6 26.Ra2 Rd8 27.Bxc6 Rxc6 28.Re2 Rcd6 29.Nhf3
Rd3 30.Kg2 Bf6 31.Nc4 Bc3 32.Rec2 Bf6 33.Nxa5 Ra8 34.Nb7 Be7
35.Nxc5 Rd5 36.Ne6 Rxa4 37.Rc7 Kf7 38.Neg5+ Ke8 39.Re2 Rd7 40.Rxd7
Kxd7 41.Nxh7 Rxa3 42.Ne5+ Kc8 43.Nxg6 Bd6 44.Ng5 Ra5 45.h4 Kd7
46.h5 Bb4 47.h6 Bc3 48.h7 Ra8 49.Nf7 1-0

[Event "Washington Class Championships"]
[Site "SeaTac City, WA"]
[Date "2011.11.26"]
[Round "3"]
[White "Sinanan Joshua  (WA)"]
[Black "Kelley Dereque  (WA)"]
[Result "1/2-1/2"]
[WhiteElo "2288"]
[BlackElo "2273"]
[Annotator ""]
[Source ""]
[Remark "Master"]

1.d4 Nf6 2.c4 e6 3.g3 d5 4.Nf3 dxc4 5.Bg2 Nc6 6.Qa4 Bb4+ 7.Bd2
Nd5 8.Bxb4 Ndxb4 9.Na3 Bd7 10.Qb5 ( 10.Qd1 Na5 11.Qd2 Qe7 12.Ne5
Rd8 13.O-O a6 14.Naxc4 Nxc4 15.Nxc4 Bc6 16.e4 Bb5 17.Qc3 O-O
18.Rfd1 Bxc4 19.Qxc4 Nc6 20.e5 Nb8 21.d5 exd5 22.Rxd5 Rxd5 23.Qxd5
c6 24.Qb3 Re8 25.Rd1 Qc7 26.Re1 Qd7 27.Bf3 b5 28.Qc3 Qe6 29.Bd1
Qe7 30.b4 Nd7 31.e6 fxe6 32.Rxe6 Qd8 33.Bb3 Rxe6 34.Bxe6+ Kh8
35.Qd2 {1-0, Tratar Marko (SLO) 2450 - Righi Egio (SMR) 2122, Elista (Russia) 1998}
) Nd5 11.Qxc4 Nb6 12.Qc3 O-O 13.O-O Qe7 14.Nc4 Rac8 15.Rac1 Rfd8
16.Rfd1 Be8 17.a3 Nxc4 18.Qxc4 f6 19.b4 a6 20.Ne1 Rd6 21.e3 Bf7
22.Qc5 Qd7 1/2-1/2

[Event "Washington Class Championships"]
[Site "SeaTac City, WA"]
[Date "2011.11.25"]
[Round "2"]
[White "Feng Roland  (WA)"]
[Black "Wang Michael  (WA)"]
[Result "1-0"]
[WhiteElo "2113"]
[BlackElo "2128"]
[Annotator ""]
[Source ""]
[Remark "Master"]

1.d4 d5 2.c4 c6 3.Nc3 Nf6 4.Nf3 e6 5.Bg5 Nbd7 6.e3 Qa5 7.Nd2
Bb4 8.Qc2 Ne4 9.Ndxe4 dxe4 10.Bh4 O-O 11.Be2 f5 12.O-O Bd6 13.c5
Bb8 14.f3 exf3 ( 14...exf3 15.Rxf3 Nf6 16.Bc4 Nd5 17.e4 Qb4 18.Nxd5
cxd5 19.exd5 exd5 20.Bxd5+ Kh8 21.Rd1 Be5 22.Bf2 Bf6 23.Rb3 Qa4
24.c6 Rb8 25.Qc5 Re8 26.Qd6 Ra8 27.Qa3 Qxa3 28.bxa3 bxc6 29.Bxc6
Be6 30.d5 {1-0, Stuer Marc (BEL) 2082 - Gregorio Santiago, Belgium 2005.03.06}
) 15.Rxf3 Nf6 16.Bxf6 Rxf6 17.Bc4 Kh8 18.a3 Qc7 19.g3 Qe7 20.b4
b6 21.e4 bxc5 22.e5 Rf8 23.bxc5 Bxe5 24.Qf2 Bf6 25.Re1 Qd8 26.Rd3
Re8 27.Ne2 Re7 28.Nf4 Qe8 29.Rdd1 Bd7 30.Nd3 Rd8 31.Ne5 Bc8 32.Qf3
Bb7 33.Kg2 Bxe5 34.Rxe5 Qd7 35.Qe3 Rde8 36.Kg1 Bc8 37.Re1 Qd8
38.h4 h6 39.Ba2 Bd7 40.Bb1 Rf7 41.Rf1 Rf6 42.Kh2 Qc8 43.g4 Qd8
44.g5 Rg6 45.Rg1 Rf8 46.Qf4 Qb8 47.Bd3 Qb2+ {?!} 48.Rg2 Qxa3
49.Be2 Be8 50.Bh5 Rxg5 51.hxg5 Bxh5 52.gxh6 g6 53.Re3 Qc1 54.Qe5+
1-0

[Event "Washington Class Championships"]
[Site "SeaTac City, WA"]
[Date "2011.11.26"]
[Round "2"]
[White "Yu Allistair  (WA)"]
[Black "Haining Breck  (WA)"]
[Result "0-1"]
[WhiteElo "1007"]
[BlackElo "1114"]
[Annotator ""]
[Source ""]
[Remark "E"]

1.e4 e5 2.Nf3 d6 3.Nc3 c6 4.d4 Be7  5.Bc4 exd4 6.Nxd4
b5 7.Bb3 Bd7 8.O-O Nf6 9.f4 O-O 10.e5 dxe5 11.fxe5 Ne8 12.Be3
c5 13.Bd5 {?} ( 13.Ndxb5 {+-} ) cxd4 14.Bxa8 {??} ( 14.Qxd4 $15 )
dxe3 15.Qe2 Qb6 16.Nd5 Qc5 17.Nxe3 Qxe5 18.c3 Bc5 19.Rf3 Bg4
20.Re1 Bxf3 21.Bxf3 Qxe3+ 22.Qxe3 Bxe3+ 23.Rxe3 Nd6 24.Re7 a6
25.Rd7 Nxd7 0-1

[Event "Washington Class Championships"]
[Site "SeaTac City, WA"]
[Date "2011.11.26"]
[Round "2"]
[White "Sohal Tanraj  (CAN)"]
[Black "Calpo Benjamin  (WA)"]
[Result "1-0"]
[WhiteElo "2059"]
[BlackElo "2032"]
[Annotator ""]
[Source ""]
[Remark "Master"]

1.d4 Nf6 2.c4 c5 3.d5 b5 4.Qc2 b4 5.b3 d6 ( 5...e5 6.g3 g6 7.Bg2
d6 8.Nh3 Bg7 9.O-O Nh5 10.e4 a5 11.Bb2 a4 12.bxa4 O-O 13.a3 Na6
14.f4 exf4 15.Nxf4 bxa3 16.Rxa3 Nb4 17.Qe2 Nxf4 18.gxf4 h5 19.Bxg7
Kxg7 20.Nc3 f6 21.Nb5 Qd7 22.e5 fxe5 23.fxe5 Rxf1+ 24.Kxf1 Qg4
25.e6 Ba6 26.Kg1 Bxb5 27.Qb2+ Kg8 28.axb5 Rxa3 29.Qxa3 Nc2 30.Qf3
Kg7 31.Qf7+ Kh6 32.Qf8+ Kg5 33.e7 Qd1+ 34.Qf1 Qd4+ 35.Qf2 Qd1+
36.Bf1 Qg4+ 37.Kh1 {1-0, Bourmistrov Denis (AUS) 2193 - Stead Kerry (AUS) 2135, Melbourne (Australia) 2002}
) 6.Bb2 g6 7.e4 Bg7 8.Bd3 O-O 9.Nf3 ( 9.Ne2 Nbd7 10.O-O a5 11.Nd2
Nb6 12.f4 a4 13.Rae1 a3 14.Ba1 Nh5 15.Bxg7 Nxg7 16.e5 e6 17.Be4
exd5 18.cxd5 Bf5 19.Qd3 dxe5 20.d6 exf4 21.Rxf4 Rc8 22.Ng3 Bxe4
23.Ngxe4 Nf5 24.Rd1 Rc6 25.Qb5 Nd4 26.Nf6+ Qxf6 27.Qxc6 Qxf4
28.Qxb6 Qe3+ 29.Kh1 Qe2 30.Rf1 Qxd2 31.Qc7 Nb5 32.Qxc5 Nxd6 {0-1, Pervukhina Yulia (RUS) - Egorova Touiara (RUS), Nizhnij Novgorod (Russia) 1999}
) Nbd7 10.O-O ( 10.O-O Ng4 11.Bxg7 Kxg7 12.Qb2+ Kg8 13.Bc2 f6
14.h3 Nge5 15.Ne1 g5 16.Nd2 Rf7 17.g3 Rg7 18.Ng2 Nf8 19.g4 h5
20.f3 hxg4 21.hxg4 Nfg6 22.Kf2 Bd7 23.Rh1 Rh7 24.Rxh7 Kxh7 25.Rh1+
Kg7 26.a4 {1/2-1/2, Franett Michael (USA) 2127 - Pechisker Alfred (CAN) 2047, Vancouver (Canada) 2000}
) a5 11.a4 e5 12.dxe6 fxe6 13.e5 Nh5 14.Be4 Ra7 15.Nbd2 dxe5
16.Rfe1 Nf4 17.g3 Nh3+ 18.Kg2 Ng5 19.Nxg5 Qxg5 20.Nf3
( 20.Rad1 ) Qh5 21.Qe2 Nb8 22.h3 g5 23.g4 Qe8 24.Nxg5 h6 25.Nf3
Nc6 26.Rad1 Nd4 27.Nxd4 exd4 28.Bc1 Raf7 29.f3 Qd7 30.Rd3 Kh8
31.h4 Bb7 32.Bxb7 Qxb7 33.Qe4 Qxe4 34.Rxe4 e5 35.Bd2 Kh7 36.h5
Bf6 37.Be1 Re7 38.Bg3 Rfe8 39.Rd1 Kg7 40.Rde1 Kf7 41.Kf2 d3 42.Rd1
Rd7 43.Re3 d2 {Something must be missing here. It looks too even to be over. Time?} 1-0

[Event "Washington Class Championships"]
[Site "SeaTac City, WA"]
[Date "2011.11.26"]
[Round "3"]
[White "Sohal Tanraj  (CAN)"]
[Black "Perez Ignacio  (WA)"]
[Result "1/2-1/2"]
[WhiteElo "2059"]
[BlackElo "2273"]
[Annotator ""]
[Source ""]
[Remark "Master"]

1.d4 Nf6 2.c4 g6 3.Nc3 Bg7 4.e4 d6 5.Nf3 O-O 6.Be2 e5 7.dxe5
dxe5 8.Qxd8 Rxd8 9.Bg5 c6 10.Nxe5 Re8 11.O-O-O h6 12.Bh4 Na6
13.Bg3 Nc5 ( 13...Nc5 14.f3 Nh5 15.Nd3 Nxg3 16.hxg3 Ne6 17.Nf4
h5 18.Nxe6 Bxe6 19.Kc2 a6 20.c5 Re7 21.b3 Rae8 22.Rd2 f5 23.Bd3
Bh6 24.f4 fxe4 25.Nxe4 Rf8 26.Nd6 Kg7 27.Re2 Rf6 28.Rhe1 Kf8
29.Kb2 Bg7 30.Ka3 Kg8 31.Rxe6 {1-0, Camara Helder (BRA) 2347 - Tavares Da Silva Luiz, Recife (Brazil) 1963.07}
) 14.f3 Nh5 15.Nd3 Nxg3 16.hxg3 Nxd3+ 17.Bxd3 Bxc3 18.bxc3 Kg7
19.Rd2 Re5 20.Rhd1 Be6 21.Kc2 Rc5 22.Be2 Bxc4 23.Bxc4 Rxc4 24.Rd7
b5 25.Rb7 a5 26.Rdd7 Rf8 27.e5 b4 28.e6 Rxc3+ 29.Kd2 Rc5 30.Rxf7+
Rxf7 31.Rxf7+ Kg8 32.Rf6 Kg7 33.Rf7+ Kg8 34.Rf6 Rd5+ 35.Kc2 Re5
36.f4 Re2+ 37.Kd3 Re1 38.Rxg6+ Kh7 39.Rf6 a4 40.Kc4 {?}
( 40.f5 h5 41.Rf7+ {+-} ) Re4+ 41.Kd3 Re1 42.Kc4 Re4+ 43.Kd3 1/2-1/2

[Event "Washington Class Championships"]
[Site "SeaTac City, WA"]
[Date "2011.11.26"]
[Round "2"]
[White "Huntzinger Keith  (WA)"]
[Black "Richards Jerrold  (WA)"]
[Result "1-0"]
[WhiteElo "1351"]
[BlackElo "1310"]
[Annotator ""]
[Source ""]
[Remark "C"]

1.e4 e6 2.d4 d5 3.Nd2 c5 4.exd5 cxd4 5.Bb5+ Bd7 6.dxe6 Bxb5 7.exf7+
Kxf7 8.Qh5+ g6 9.Qxb5 Qe7+ 10.Ne2 Bg7  11.O-O Nc6 12.Nf3
h6 13.Re1 Re8 14.Bd2 a5 15.Nf4 Be5 16.Qb3+ Kg7 17.Nxe5 Nxe5 18.Nd3
Qf6 19.Nxe5 Rxe5 20.Qxb7+ Ne7 21.Rxe5 Rf8 22.Qxe7+ Rf7 23.Qxf6+
Kxf6 24.Rxa5 Rc7 25.c3 dxc3 26.Bxc3+ Kf7 27.Re1 g5 28.Bd4 Kg6
29.g4 Rc4 30.Re6+ ( 30.Ra7 Rc7 31.Rxc7 h5 32.Re6# ) Kf7 31.Rf6+
Ke7 32.Ra7+ Ke8 33.Rxh6 1-0

[Event "Washington Class Championships"]
[Site "SeaTac City, WA"]
[Date "2011.11.26"]
[Round "2"]
[White "Hendricks David  (WA)"]
[Black "Mathews Dan  (WA)"]
[Result "0-1"]
[WhiteElo "1615"]
[BlackElo "1794"]
[Annotator ""]
[Source ""]
[Remark "B"]

1.d4 d5 2.Bf4 g6 3.Nf3 Bg7 4.e3 Nf6 5.c4 O-O 6.cxd5 Nxd5 7.Bg3
c6  8.e4 Qa5+ 9.Qd2 Qxd2+ 10.Nbxd2 Nb6 11.Nb3 N8d7 12.Bd3
Re8 13.O-O e5 14.dxe5 Nxe5 15.Nxe5 Bxe5 16.Bxe5 Rxe5 17.f4 Re8
18.Rae1 a5 19.Nc5 Nd7 20.Nb3 a4 21.Nd2 Nc5 22.Bc2 b5 23.e5 Be6
24.Ne4 Nxe4 25.Bxe4 Rac8 26.Rc1 c5 27.a3 Red8 28.Rfd1 Rxd1+ 29.Rxd1
b4 30.axb4 cxb4 31.Kf2 a3 32.bxa3 bxa3 33.Ra1 a2 34.h3 Rb8 35.Ke3
h5 36.Kd2 Rb4 37.Ke3 Rb2 38.Kf3 Kg7 39.g4 hxg4+ 40.hxg4 f5 41.exf6+
Kxf6 42.g5+ Kg7 43.Ke3 Kf7 44.Kd4 Rb4+ 45.Ke5 Rb5+ 46.Kd6 Rb6+
47.Ke5 Ra6 48.Bd3 Ra5+ 49.Kd4 Rd5+ 50.Ke3 Rd7 51.Be4 Ra7 52.Kd4
Ra4+ 53.Ke5 Ra5+ 54.Kd6 Bb3 55.Kc6 Ra4 56.Bd5+ Bxd5+ 57.Kxd5
Ke7 58.Ke5 Ra5+ 59.Ke4 Ke6 60.f5+ gxf5+ 61.Kf4 Ra4+ 62.Kf3 Kf7
63.Ke3 Kg6 64.Kf3 Kxg5 65.Rg1+ Kf6 66.Ra1 Ke5 67.Re1+ Kd4 0-1

[Event "Washington Class Championships"]
[Site "SeaTac City, WA"]
[Date "2011.11.26"]
[Round "3"]
[White "Gulamali Faris  (WA)"]
[Black "Hendricks David  (WA)"]
[Result "1-0"]
[WhiteElo "1701"]
[BlackElo "1615"]
[Annotator ""]
[Source ""]
[Remark "B"]

1.d4 Nf6 2.c4 g6 3.Nf3 Bg7 4.Nc3 O-O 5.g3 d6 6.Bg2 c6 7.O-O Nbd7
8.e4 e5 9.Re1 exd4 10.Nxd4 Ne5 11.b3 c5  12.Nde2 Bg4 13.Rf1
Bxe2 14.Qxe2 Nfd7 15.Bb2 Nc6 16.Nb5 Bxb2 17.Qxb2 Nce5 18.Rad1
a6 19.Nxd6 Qc7 20.f4 Nc6 21.e5 Nb6 22.Ne4 Nd4 23.Nxc5 Nf5 24.Qf2
Rab8 25.Ne4 Rfd8 26.Nf6+ Kg7 27.Nd5 Nxd5 28.Rxd5 Ne7 29.Rxd8
Rxd8 30.Be4 Rd7 31.Qb2 Qc5+ 32.Kh1 Kg8 33.Qf2 Qb4 34.Qe1 Qc5
35.Qc3 b5 36.Bf3 b4 37.Qb2 Qe3 38.Qe2 Qc3 39.Rd1 Rd4 40.Rxd4
Qxd4 41.e6 f5 42.Kg2 h6 43.Qd1 Qb2+ 44.Kg1 Kg7 45.Qd6 Qc1+ 46.Kf2
Qb2+ 47.Be2 Kf6 48.c5 Qxa2 49.Qe5# 1-0

[Event "Washington Class Championships"]
[Site "SeaTac City, WA"]
[Date "2011.11.27"]
[Round "6"]
[White "Dutton Carl  (WA)"]
[Black "Huntzinger Keith  (WA)"]
[Result "1/2-1/2"]
[WhiteElo "1451"]
[BlackElo "1351"]
[Annotator ""]
[Source ""]
[Remark "C"]

1.e4 e5 2.Nf3 Nc6 3.Bb5 f5 4.exf5 e4 5.Bxc6 bxc6 6.Ne5 Nf6 7.O-O
d5 8.Nxc6 Qd6 9.Nd4 c5 10.Ne2 Bxf5 11.Ng3 Bg6 12.d3 exd3
13.cxd3 Be7 14.Qa4+ Kf7 15.Bf4 Qb6 16.Qb3 Qxb3 17.axb3 Bxd3 18.Re1
d4 19.Nd2 Rhe8 20.Nc4 Bxc4 21.bxc4 Red8 1/2-1/2